000 00779cam a22002773a 4500
001 18817
003 PGUSA
005 20140828083411.0
008 060713s2006||||xxu|||||s|||||000 1 eng d
040 _aPGUSA
_beng
042 _adc
050 4 _aPS
100 1 _aNorton, Andre,
_d1912-2005
245 1 0 _aRalestone Luck
_h[electronic resource] /
_cAndre Norton
260 _bProject Gutenberg,
_c2006
506 _aPublic domain in the USA.
516 _aElectronic text
653 _aLouisiana -- Fiction
653 _aNobility -- Fiction
653 _aBrothers and sisters -- Fiction
653 _aTalismans -- Fiction
700 1 _aReid, James,
_d1907-1989
830 0 _aProject Gutenberg
_v18817
856 4 0 _uhttp://www.gutenberg.org/ebooks/18817
942 _cEB
999 _c248072
_d248072